LEADER 00883naa a2200229 u 4500 001 000000093229 003 CaOOAMICUS 005 20070226130133.0 008 010622s1931 fr u000 u fre u 035 $a10893685 040 $aPUL(R)$bita 100 1 $aVerdross-Drossberg, Alfred,$d1890-1980.$0(OLS)http://pul/name/11572 245 10$aRègles générales du droit international de la paix /$cpar A. Verdross. 260 $a[S. l. :$bs. n.],$c1931. 300 $aP. [271-517] 504 $aBibliografia in nota. 650 4$aDiritto internazionale.$0(OLS)http://pul/subject/2505 650 4$aPace.$0(OLS)http://pul/subject/4327 773 0 $tRecueil des cours$gv.V (1929) 773 0 $tRecueil des cours 1929$w()59483 996 $6245$aRègles générales du droit international de la paix$9(OLS)http://pul/title/120104 996 $6260$a[S. l. :$bs. n.]$9(OLS)http://pul/publisher/47882 LEADER 01052nam a2200277 u 4500 001 000000049032 003 CaOOAMICUS 005 20070226115051.0 008 000613s1949 it u000 u ita u 035 $a10849954 040 $aPUL$bita 100 1 $aDe Ruggiero, Guido,$d1888-1948.$0(OLS)http://pul/name/5898 245 10$aStoria del liberalismo europeo /$cGuido de Ruggiero. 250 $a5a ed. 260 $aBari :$bLaterza,$c1949. 300 $a499 p. ;$c21 cm 490 1 $aCollezione storica 504 $aBibliografia: p. 473-495. 650 4$aLiberalismo$zEuropa.$0(OLS)http://pul/subject/20664 830 0$aCollezione storica (Editori Laterza).$0(OLS)http://pul/title/118 850 $aPUL 852 $aPUL$W1$xDP1 Fondo Maccarrone$y58$m1514 B 5$j65221$nBK-PRI$b $qFondi$B65221$CPULBib$Z2$F65221 $H $81 941 1 $a1 961 $aINV: 3245.F.Maccarrone 996 $6245$aStoria del liberalismo europeo$9(OLS)http://pul/title/66108 996 $6260$aBari :$bLaterza$9(OLS)http://pul/publisher/47895